[Event "76th ARM-ch Women 2021"]
[Site "Yerevan"]
[Date "2021.02.20"]
[Round "5.4"]
[White "Mkrtchyan, Mariam"]
[Black "Ghukasyan, Siranush"]
[Result "1-0"]
[WhiteElo "2075"]
[BlackElo "2222"]
[Annotator "TA"]
[PlyCount "117"]
[EventDate "2021.02.16"]
[EventType "tourn"]
[EventCountry "ARM"]
[SourceTitle "playchess.com"]
[Source "ChessBase"]
[SourceQuality "1"]

{[%evp 13,117,-6,-14,-39,-37,-33,-31,-40,-13,-28,0,-9,-10,-52,0,0,0,-24,0,-27,-31,-40,22,-20,-22,-58,-10,-24,0,0,0,-16,-14,0,85,87,119,114,211,229,231,249,280,238,327,318,335,320,356,336,308,193,173,154,177,194,178,106,121,0,181,250,213,172,281,288,252,291,284,274,279,169,196,185,177,211,275,333,261,0,582,636,763,655,840,833,768,758,656,556,988,895,12838,12839,12839,12839,12841,12842,12842,12843,12843,12843,12844,12844,12845,12845]} 1. d4 d5 2. c4 c6 3. Nf3 Nf6 4. Nc3 e6 5. e3 Nbd7 6. b3 Bb4 7. Bd2 Qe7 8. Bd3 {D45: Semi-Slav: 5 e3.} e5 9. Be2 e4 10. Ng5 {Black is slightly better.} h6 11. Nh3 g5 {[#]} 12. Qc2 $146 ({Predecessor:} 12. Rc1 Nf8 13. Ng1 Ng6 14. cxd5 cxd5 15. Nb5 Bxd2+ 16. Qxd2 O-O 17. Qa5 Bd7 18. Qa3 Qxa3 19. Nxa3 {½-½ (30) Albano,A (2282)-Pavoni,F (2336) ICCF email 2014}) 12... Nf8 13. a3 Bxh3 (13... Bxa3 $6 14. cxd5 Ng6 15. dxc6 $16) (13... Bxc3 $5 14. Bxc3 Bxh3 15. gxh3 Qe6 $15) 14. axb4 Bxg2 15. Rg1 Bf3 16. Bxf3 exf3 17. Qf5 {[%cal Rc4d5]} Ne6 (17... Ng6 $15) 18. O-O-O {[%cal Rc4d5]} a5 19. b5 a4 (19... Ne4 $5 20. Qe5 (20. Nxe4 dxe4 21. Kb2 Ng7 $17) (20. cxd5 cxd5 21. Kb2 Nxc3 $15) 20... f6 $17) 20. bxa4 dxc4 {And now ...Nd5! would win.} 21. Kc2 Nd5 22. Nxd5 cxd5 23. Ra1 O-O (23... Nc7 $11) 24. Qxd5 $16 Qf6 25. Bc3 $1 Rfd8 (25... Rfe8 $16 {was worth a try.}) 26. Qxb7 $18 Qf5+ 27. Kb2 Rab8 28. Qa7 Ra8 29. Qe7 Re8 30. Qd6 Kh7 31. Rgd1 Rad8 32. Qe5 Qg6 33. Qg3 Nf4 34. Qxf3 ({Weaker is} 34. exf4 Re2+ 35. Rd2 Rxd2+ 36. Bxd2 Qd3 $11) 34... Nd3+ {[#]} 35. Rxd3 $1 cxd3 $16 36. d5 (36. h3 $16) 36... Rc8 $2 (36... g4 $11 37. Qf6 Rxd5) 37. Qf6 $18 Qxf6 38. Bxf6 {[%mdl 4096] Endgame KRR-KRB} Rc2+ (38... Kg6 $142 39. Bd4 h5) 39. Kb3 {Black must now prevent d6.} Rxf2 40. Bd4 d2 {aiming for ...Rc8.} 41. Rd1 g4 42. b6 Rxh2 {[#]} 43. a5 $1 {[%cal Ba4a5,Ba5a6][%mdl 32]} g3 {Threatens to win with ...g2.} 44. b7 g2 {Hoping for ...Rh1.} 45. e4 $1 {a6 is the strong threat.} ({Not} 45. a6 $2 Rh1 $19) 45... Rh1 {[#]} 46. Rxd2 ({White has to play} 46. Bg1 $1 $18 {Strongly threatening Kc2.} Rxg1 47. Rxg1 Rxe4 48. b8=Q) 46... g1=Q $4 {[%mdl 8192]} (46... Rb1+ $11 {and Black has nothing to worry.} 47. Rb2 Rxb2+ 48. Kxb2 Rxe4) 47. Bxg1 {White is clearly winning.} Rxg1 48. a6 Ra1 49. Ra2 Rb1+ 50. Kc2 Rb6 51. Kd3 Rb8 52. Kc4 Rxa6 53. Rxa6 Rxb7 {KR-KR} 54. d6 Rb1 55. Kd5 Rd1+ 56. Kc6 Rc1+ 57. Kb7 Rd1 58. Kc7 Rc1+ 59. Rc6 {Weighted Error Value: White=0.25/Black=0.41} 1-0

[Event "76th ARM-ch Women 2021"]
[Site "Yerevan"]
[Date "2021.02.20"]
[Round "5.5"]
[White "Khachatryan, Veronika"]
[Black "Hakobyan, Astghik"]
[Result "1-0"]
[WhiteElo "1767"]
[BlackElo "1820"]
[Annotator "NA RC"]
[PlyCount "143"]
[EventDate "2021.02.16"]
[EventType "tourn"]
[EventCountry "ARM"]
[SourceTitle "playchess.com"]
[Source "ChessBase"]
[SourceQuality "1"]
[TimeControl "40/5400+30:1800+30"]

{[%evp 8,143,24,1,38,17,34,-9,71,73,58,54,170,152,151,83,79,76,90,83,93,25,27,16,28,19,31,24,44,29,79,36,36,54,50,17,27,-42,-37,-51,-45,-31,-32,-57,-4,0,-2,-18,0,0,0,0,69,0,0,0,0,0,-8,-14,-7,-179,-168,-175,-128,-171,-12,-8,0,0,100,107,90,36,34,18,87,85,55,35,88,32767,32767,32767,32767,32767,32767,32767,32767,32767,32767,32767,32767,216,398,358,293,425,540,575,564,649,558,586,744,834,1779,757,4952,1609,1752,474,32767,32767,32767,32767,32767,32767,32767,32767,32767,1195,12843,1650,12071,2243,1825,12843,29978,29980,29985,29982,29987,29987,29991,29992,29992,29989]} 1. e4 {[%emt 0:00:00]} c6 {[%emt 0:00:20]} 2. d4 {[%emt 0:00:00]} d5 {[%emt 0:00:06]} 3. exd5 {[%emt 0:00:04]} cxd5 {[%emt 0:00:09]} 4. c4 {[%emt 0:00:11]} Nf6 {[%emt 0:00:37]} 5. Nc3 {[%emt 0:00:14]} Be6 {[%emt 0:06:26]} 6. Qb3 {[%emt 0:19:22]} Nc6 {[%emt 0:11:33]} 7. cxd5 {[%emt 0:18:09]} Bxd5 {[%emt 0:10:15]} (7... Nxd5 $11 {keeps the balance.} 8. Qxb7 Nxd4 9. Bb5+ Nxb5 10. Qxb5+ Qd7) 8. Nxd5 {[%emt 0:01:40]} Nxd5 {[%emt 0:02:08]} 9. Qxb7 {[%emt 0:01:52]} Ndb4 {[%emt 0:19:36]} (9... Qc8 $1 $14 10. Qxc8+ Rxc8) 10. Bb5 {[%emt 0:01:57]} Qc8 {[%emt 0:00:27]} 11. Bxc6+ {[%emt 0:06:27]} (11. Qxc8+ $18 Rxc8 12. Ba4) 11... Nxc6 {[%emt 0:00:02] [#]} 12. Qxc8+ $1 {[%emt 0:00:07]} Rxc8 {[%emt 0:00:02]} 13. Nf3 {[%emt 0:00:44]} g6 {[%emt 0:02:30]} 14. Bd2 {[%emt 0:06:15]} ({White should play} 14. Be3 $16) 14... Bg7 {[%emt 0:02:12]} 15. Bc3 {[%emt 0:00:06]} O-O {[%emt 0:01:34]} 16. Ke2 {[%emt 0:06:11]} Rfd8 {[%emt 0:02:07]} 17. Rhd1 {[%emt 0:00:25]} e6 {[%emt 0:01:26]} 18. g3 {[%emt 0:14:27]} Ne7 {[%emt 0:08:06]} 19. Bb4 {[%emt 0:02:17]} Nf5 {[%emt 0:01:22]} 20. Bc5 {[%emt 0:06:53]} e5 {[%emt 0:01:36]} 21. Bxa7 {[%emt 0:01:01]} exd4 {[%emt 0:08:44]} 22. Kd3 {[%emt 0:06:03]} ({Better is} 22. a4 $14) 22... Rd7 {[%emt 0:03:21]} 23. Bb6 $1 {[%emt 0:00:03]} Rb7 $1 {[%emt 0:02:07]} 24. Ba5 $1 {[%emt 0:00:44]} Rxb2 {[%emt 0:00:01]} 25. Bd2 {[%emt 0:00:16]} Ra8 {[%emt 0:01:21]} 26. Rdb1 {[%emt 0:02:06]} Ra3+ {[%emt 0:02:44]} ({Don't go for} 26... Raxa2 $2 27. Rxa2 Rxb1 28. g4 $18 (28. Ra8+ Bf8 $14)) 27. Ke4 {[%emt 0:03:08]} d3 {[%emt 0:11:47]} 28. Rxb2 {[%emt 0:00:53]} Bxb2 {[%emt 0:00:01]} 29. Rb1 {[%emt 0:00:11]} Bf6 {[%emt 0:00:50] [#]} ({Better is} 29... Rxa2 $11 30. Kxd3 Ra3+ 31. Ke2 Bc3) 30. g4 {[%emt 0:01:02]} (30. Rb8+ $1 $16 Kg7 31. Bb4) 30... Nd6+ {[%emt 0:00:50]} 31. Kd5 {[%emt 0:00:05]} Be7 $1 {[%emt 0:00:28]} 32. Bh6 {[%emt 0:01:31]} Ra8 {[%emt 0:00:24]} 33. Ne5 {[%emt 0:00:41]} Ne8 {[%emt 0:00:30]} 34. Rb7 $2 {[%emt 0:01:05]} ({Much worse is} 34. Nxd3 Nf6+ {[%mdl 64] Double Attack} 35. Kc4 Nxg4 $17) (34. h3 $11 {and White has nothing to worry.}) 34... Rd8+ {[%emt 0:00:32]} 35. Kc6 {[%emt 0:00:27]} Rd6+ {[%emt 0:00:20]} ({Of course not} 35... d2 $6 36. Bxd2 Rd6+ 37. Kc5 $11) 36. Kc5 {[%emt 0:00:39] [#]} Re6+ $2 {[%emt 0:00:40]} (36... Bf8 $1 $19 37. Bd2 Rd8+ 38. Kc6 Rc8+ 39. Kd5 Rc2) 37. Kd5 $1 {[%emt 0:00:29]} Nf6+ {[%emt 0:00:37]} 38. Kd4 {[%emt 0:00:00]} Ne8 {[%emt 0:00:25]} (38... Bd6 $11 {keeps the balance.} 39. Nxf7 Be7) 39. Nxd3 {[%emt 0:00:44]} g5 {[%emt 0:00:27]} 40. Rb8 {[%emt 0:00:00]} Bd6 {[%emt 0:00:00]} 41. Ra8 {[%emt 0:02:44]} f6 {[%emt 0:12:38]} 42. f4 {[%emt 0:02:17]} Kf7 {[%emt 0:00:42]} 43. fxg5 {[%emt 0:00:46]} fxg5 {[%emt 0:00:33]} 44. Bxg5 {[%emt 0:06:59]} Nc7 {[%emt 0:04:50]} 45. Ra5 {[%emt 0:03:57]} Bxh2 {[%emt 0:00:57]} 46. Ne5+ {[%emt 0:03:43]} Bxe5+ {[%emt 0:07:49]} 47. Rxe5 {[%emt 0:00:06]} Ra6 {[%emt 0:00:10]} 48. Re7+ {[%emt 0:00:58]} Kg6 {[%emt 0:00:01]} 49. Be3 {[%emt 0:01:43]} Ne6+ {[%emt 0:02:04] [#]} 50. Kd5 $1 {[%emt 0:01:59]} Ng5 {[%emt 0:03:38]} (50... Nd8 $142 51. Ra7 Re6) 51. Ra7 {[%emt 0:02:11]} Rf6 {[%emt 0:00:01]} 52. a4 {[%emt 0:02:36]} Nf7 {[%emt 0:01:05]} 53. a5 {[%emt 0:01:05]} Rd6+ {[%emt 0:00:40]} 54. Kc5 {[%emt 0:00:29]} Re6 {[%emt 0:00:16]} 55. Bd4 {[%emt 0:00:34]} Re2 {[%emt 0:02:43]} 56. a6 {[%emt 0:02:57]} Nd8 {[%emt 0:00:17]} 57. Rg7+ {[%emt 0:01:33]} Kh6 {[%emt 0:00:01]} 58. a7 {[%emt 0:00:14]} Ra2 {[%emt 0:01:11]} 59. g5+ {[%emt 0:01:14]} (59. Bc3 $142) 59... Kh5 {[%emt 0:00:06]} 60. Kd5 {[%emt 0:00:15]} Ra5+ {[%emt 0:00:27]} 61. Bc5 {[%emt 0:00:06]} Ra6 {[%emt 0:00:46]} 62. Rg8 {[%emt 0:02:15]} Ne6 {[%emt 0:00:08]} 63. Be3 {[%emt 0:00:56]} Nc7+ {[%emt 0:00:32]} 64. Kc4 {[%emt 0:00:51]} Ra3 {[%emt 0:00:26] [#]} 65. Bb6 {[%emt 0:00:44]} (65. Rg7 $142 $1 Rxe3 (65... Ne6 66. Rxh7+) 66. Rxh7+ Kg6 67. Rxc7) 65... h6 {[%emt 0:00:23]} 66. g6 {[%emt 0:00:31]} (66. gxh6 $142 Kxh6 67. Rc8 Ra4+ 68. Kb3 Rxa7 69. Bxa7) 66... Ra6 {[%emt 0:00:14]} 67. Bxc7 {[%emt 0:00:20]} Rxa7 {[%emt 0:00:02]} 68. Be5 {[%emt 0:00:17]} Ra5 {[%emt 0:00:31]} 69. Bd4 {[%emt 0:00:33]} Rg5 {[%emt 0:00:17]} 70. g7 {[%emt 0:00:05]} Kg6 {[%emt 0:00:18]} 71. Rf8 {[%emt 0:00:13]} Kh7 {[%emt 0:00:09]} 72. Rh8+ {[%emt 0:00:04]} 1-0

[Event "76th ARM-ch Women 2021"]
[Site "Yerevan"]
[Date "2021.02.22"]
[Round "6.1"]
[White "Avetisyan, Mariam"]
[Black "Grigoryan, Arpine"]
[Result "1/2-1/2"]
[WhiteElo "2092"]
[BlackElo "2091"]
[Annotator "TA"]
[PlyCount "38"]
[EventDate "2021.02.16"]
[EventType "tourn"]
[EventCountry "ARM"]
[SourceTitle "playchess.com"]
[Source "ChessBase"]
[SourceQuality "1"]

{[%evp 21,38,25,17,0,13,8,41,48,53,31,33,33,29,0,7,0,12,8,18]} 1. c4 e6 2. g3 d5 3. d4 Nf6 4. Bg2 Be7 5. Nf3 O-O 6. O-O dxc4 7. Qc2 a6 8. a4 Bd7 9. Qxc4 Bc6 10. Bg5 Bd5 11. Qd3 Be4 12. Qd1 {E05: Open Catalan: 5 Nf3 Be7.} Nc6 {Recently 12...h6 got a lot of attention.} 13. Nbd2 {[#] Hoping for Bxf6.} Bxf3 14. Nxf3 {White is slightly better.} h6 15. Bxf6 Bxf6 16. e3 {[#]} Nb4 $146 ({Predecessor:} 16... a5 17. Nd2 Qd7 18. Rc1 Nd8 19. Qb3 Be7 20. Nc4 Bb4 21. Rfd1 Qe7 22. h4 Rb8 {1-0 (89) Swiercz,D (2634)-Landa,K (2625) Czech Republic 2015}) 17. Rc1 a5 {The position is equal.} 18. Qe2 Qe7 19. Rfd1 Rfd8 {Weighted Error Value: White=0.12/Black=0.10} 1/2-1/2

[Event "76th ARM-ch Women 2021"]
[Site "Yerevan"]
[Date "2021.02.22"]
[Round "6.2"]
[White "Gevorgyan, Maria"]
[Black "Khachatryan, Anna"]
[Result "1-0"]
[WhiteElo "2228"]
[BlackElo "2086"]
[Annotator "TA"]
[PlyCount "121"]
[EventDate "2021.02.16"]
[EventType "tourn"]
[EventCountry "ARM"]
[SourceTitle "playchess.com"]
[Source "ChessBase"]
[SourceQuality "1"]

{[%evp 16,121,20,17,27,20,22,11,24,37,19,10,27,-10,0,0,0,0,0,-10,0,-17,-23,-7,-30,-52,-15,-4,-13,-25,-25,-37,3,0,0,-18,0,0,83,45,83,95,94,91,65,0,0,-14,106,70,60,65,98,112,150,138,172,178,168,176,168,164,168,0,0,0,168,149,499,523,519,502,484,337,335,331,335,335,334,330,359,356,393,393,511,557,627,625,657,616,682,506,631,583,736,722,711,700,881,876,865,814,1007,970,5570,5173,6303,6195]} 1. e4 c5 2. Nf3 Nc6 3. Bb5 g6 4. Bxc6 dxc6 5. d3 Bg7 6. h3 Nf6 7. Nc3 Nd7 8. Be3 e5 9. Qd2 h6 {B31: Sicilian: 2...Nc6 3 Bb5 g6.} 10. O-O b6 {is more profitable than 10...Qe7 at the moment.} 11. Nh2 Nf8 {The position is equal.} 12. f4 exf4 13. Bxf4 Ne6 14. Bg3 (14. Be3 {looks sharper.} Nd4 15. e5 Be6 16. Rae1 Nf5 17. Nf3) 14... c4 15. e5 cxd3 16. cxd3 Ba6 17. Ne4 {Threatens to win with Nd6+.} O-O (17... Qxd3 18. Nd6+ (18. Qxd3 Bxd3 19. Nd6+ {[%mdl 64] Double Attack} Kf8 $16) 18... Kf8 19. Qxd3 $16 (19. Rxf7+ Kg8 $18)) 18. Rad1 Qd4+ {[%mdl 64] Double Attack} 19. Kh1 Rad8 {[%cal Rd4d3]} (19... Bxe5 $2 20. Bxe5 Qxe5 21. Qxh6 $18) 20. Rf3 {[#]} c5 $146 ({Avoid the trap} 20... Bxe5 $2 21. Bxe5 Qxe5 22. Qxh6 $18 (22. Nf6+ Kg7 $17)) ({Predecessor:} 20... h5 21. Bh4 Qxe5 22. Bxd8 Rxd8 23. Nc3 Nd4 24. Re3 Qb8 25. Qf2 Nf5 26. Rf3 Bd4 {0-1 (48) Gagare,S (2504)-Firouzja,A (2607) Makati 2018}) 21. Ng4 Bb7 22. Ngf6+ Kh8 23. Rff1 Ba6 {[%cal Ra6d3]} (23... Bxe4 $5 24. Nxe4 Kh7 $11) 24. Rf3 Bb7 25. Re3 Qa4 26. b3 Qc6 (26... Qd4 $11) 27. Rf1 $1 $16 Rd4 28. Nd6 Ba6 29. Nfe4 Kg8 30. Ref3 ({White should try} 30. h4 $14) 30... Qd5 $1 $11 {[%csl LRd3,LRe5][%cal Ra6d3]} 31. Rd1 h5 (31... Ng5 $1 $11 {remains equal.} 32. Nxg5 hxg5) 32. Nc3 Qc6 33. Rdf1 $36 {[%mdl 2048] Black is under pressure.} h4 34. Bh2 Nd8 35. Bf4 Qd7 36. Bh6 {aiming for Nce4.} Bxe5 37. Bxf8 Bxd6 38. Bxd6 Qxd6 {[#]} 39. Rf6 $2 (39. Qh6 $1 $18) 39... Qe5 $1 40. R6f3 $2 (40. Qf2 $11) 40... Qd6 $1 $18 {[#]} 41. Qh6 $1 Bb7 $2 {[%mdl 8192] This costs Black the game.} (41... Qd7 $16 {is tougher.}) 42. Nb5 $1 {[%csl LRa7,LRd4,LRd6][%mdl 64] Double Attack} Qd7 43. Nxd4 cxd4 44. Qxh4 Bxf3 45. Rxf3 {[%mdl 4096] Endgame KQR-KQN} ({Weaker is} 45. gxf3 Ne6 $16) 45... Ne6 46. Qf6 Ng7 47. Qe5 Nf5 48. Kh2 Qc6 49. Rf2 Qd7 50. Rc2 {White is clearly winning.} Qd8 51. Rc7 a5 52. a4 Qa8 53. Kg1 Qd8 54. Rc6 Kh7 55. g4 Ng7 56. Rc7 f6 57. Qe7 Qxe7 58. Rxe7 Kh6 59. h4 g5 60. hxg5+ fxg5 61. Rb7 {Weighted Error Value: White=0.17/Black=0.33} 1-0

[Event "76th ARM-ch Women 2021"]
[Site "Yerevan"]
[Date "2021.02.22"]
[Round "6.3"]
[White "Ghukasyan, Siranush"]
[Black "Gaboyan, Susanna"]
[Result "1/2-1/2"]
[WhiteElo "2222"]
[BlackElo "2211"]
[Annotator "TA"]
[PlyCount "99"]
[EventDate "2021.02.16"]
[EventType "tourn"]
[EventCountry "ARM"]
[SourceTitle "playchess.com"]
[Source "ChessBase"]
[SourceQuality "1"]

{[%evp 17,99,17,16,12,27,0,12,0,0,0,6,0,-22,-13,-25,-21,24,50,54,26,39,32,52,45,56,16,20,9,10,9,10,11,80,73,78,81,75,80,106,104,104,98,90,117,113,96,115,113,102,97,78,88,220,99,123,122,110,125,166,151,158,0,174,166,179,178,177,177,127,79,81,22,23,0,0,-115,-26,-14,0,-85,0,-27,0,-53]} 1. e4 c5 2. Nf3 Nc6 3. Bb5 g6 4. Bxc6 bxc6 5. O-O Bg7 6. Re1 Nh6 7. c3 O-O 8. d4 cxd4 9. cxd4 d5 10. e5 {B31: Sicilian: 2...Nc6 3 Bb5 g6.} f6 11. e6 $1 {[%mdl 4] is currently scoring better than 11.exf6.} Nf5 12. Nc3 Qd6 $1 13. Qe2 c5 14. dxc5 Qxc5 15. Qb5 Qxb5 16. Nxb5 Bb7 (16... a6 {keeps more tension.} 17. Nc7 Ra7 18. Nxd5 Rd8 19. Nf4 g5) 17. g4 a6 18. gxf5 {Black must now prevent Nbd4.} axb5 19. Nd4 Rfc8 20. Be3 {[#]} Ra6 $146 ({Predecessor:} 20... b4 21. Rec1 Kf8 22. Rxc8+ Rxc8 23. Rc1 gxf5 24. Rxc8+ Bxc8 25. f4 b3 26. a4 Ke8 {1-0 (41) Makoveev,I (2257)-Gordievsky,D (2614) St Petersburg 2018}) 21. Nxb5 gxf5 22. Nd4 f4 $1 {[%cal Rf4e3]} 23. Bd2 Rc4 24. Nf5 Kf8 (24... Bf8 $11) 25. b3 Re4 26. Rxe4 dxe4 27. Bxf4 Bd5 28. Nd4 f5 {[#]} 29. Rc1 $1 {[%cal Rc1c8]} Bxe6 30. Nxe6+ Rxe6 $16 {[%mdl 4096] Endgame KRB-KRB} 31. Rc5 $1 Rg6+ 32. Kf1 e6 33. a4 Bd4 34. Rb5 Kf7 (34... Ke7 $16) 35. Rb7+ (35. a5 $1 $18 {and the rest is easy.}) 35... Kg8 36. Be3 e5 37. Rd7 Bc3 38. Rc7 Bd4 39. Rd7 Bc3 $1 40. Bd2 $1 {[%cal Rd2c3]} Bxd2 41. Rxd2 $18 {KR-KR} Rb6 42. Rb2 Ra6 43. Ke2 Kf7 44. Kd2 ({White should play} 44. Ra2 $1 $16) 44... Ke6 $11 45. Rc2 f4 46. Rc5 {[#]} (46. Ra2 $11 {keeps the balance.}) 46... Rb6 (46... Rd6+ $1 $17 47. Ke1 Rd3) 47. Rc3 $1 Ra6 (47... Kd6 $11) 48. Rc5 $1 $17 {[#]} Rb6 (48... Rd6+ $1 $17 49. Ke1 Rd3) 49. Rc3 $1 $11 Ra6 50. Rc5 $1 {Blacks defense is rewarded with a draw.  Weighted Error Value: White=0.18/Black=0.16} 1/2-1/2

[Event "76th ARM-ch Women 2021"]
[Site "Yerevan"]
[Date "2021.02.22"]
[Round "6.4"]
[White "Arakelyan, Nare"]
[Black "Khachatryan, Veronika"]
[Result "1-0"]
[WhiteElo "1953"]
[BlackElo "1767"]
[Annotator "TA"]
[PlyCount "159"]
[EventDate "2021.02.16"]
[EventType "tourn"]
[EventCountry "ARM"]
[SourceTitle "playchess.com"]
[Source "ChessBase"]
[SourceQuality "1"]

{[%evp 9,159,0,0,0,0,0,-4,-7,23,18,22,18,17,28,18,19,28,22,19,17,34,36,41,17,35,0,27,0,0,-34,20,-27,-20,-1,-8,-21,55,50,50,46,49,17,22,-48,-46,-164,-102,-104,-103,-123,-67,-50,-64,-80,-62,-70,-52,-95,-62,-72,-73,-141,-20,-100,-77,-62,-35,-69,-14,-44,-50,-60,-59,-55,-54,-57,-12,-14,-7,-37,0,-35,-33,-34,0,0,0,0,0,0,0,0,49,51,56,52,52,83,121,0,0,0,128,120,128,128,128,0,0,0,0,0,0,0,0,0,24,39,22,24,45,0,0,0,0,0,154,159,136,121,191,177,452,451,363,290,264,202,573,606,29991,29992,29994,29995,29995,29996,29996,29997,29997,29998,29998,29999]} 1. e4 c5 2. Nc3 Nc6 3. Bb5 Nd4 4. Bc4 a6 5. Nf3 b5 6. Bd5 {B23: Closed Sicilian: Lines without g3.} Rb8 {[#] Hoping for ...e6.} 7. a3 $146 ({Predecessor:} 7. Nxd4 cxd4 8. Ne2 Nf6 9. Nxd4 e6 10. Bb3 Nxe4 11. c3 Bb7 12. O-O Bd6 13. Qh5 {½-½ (32) Motylev,A (2703)-Mamedov,R (2679) Tallinn 2019}) 7... e6 8. Ba2 {The position is equal.} d6 9. Nxd4 cxd4 10. Ne2 Nf6 11. d3 Qb6 12. O-O Be7 13. Ng3 O-O 14. f4 d5 15. e5 Nd7 16. Qe2 Qc7 17. Nh5 Kh8 18. f5 Qxe5 19. Qd1 (19. Qxe5 {is more complex.} Nxe5 20. f6 gxf6 21. Nxf6 Rb7 22. Bd2) 19... Qd6 (19... exf5 $2 20. Bf4 $18) (19... Qc7 $15) 20. Qg4 {[%csl Gh5][%cal Rg4g7]} Rg8 21. fxe6 fxe6 22. Qxd4 Qb6 (22... b4 $11) 23. Qxb6 $14 Rxb6 24. Be3 Rc6 25. Rf7 Bd6 {Strongly threatening ...Ne5.} 26. Rc1 (26. Rf2 $11) 26... Ne5 $15 27. Ra7 {[#]} (27. Rf4 $1 $15) 27... Ng4 ({Better is} 27... Nxd3 $1 $19 {[%mdl 512]} 28. Rf1 (28. cxd3 $2 Rxc1+ {[%mdl 64] Overworked Piece} 29. Bxc1 Bc5+ {[%mdl 64] Double Attack} 30. Kf1 Bxa7 $19) 28... Ne5) 28. Bd4 $17 {[%cal Rd4g7]} Bxh2+ 29. Kf1 {[%cal Rd4g7]} Be5 ({Black should try} 29... e5 $1 $17 {[%cal Re5d4]} 30. Bxd5 {[%mdl 64] Double Attack} exd4 31. Bxc6 g6) 30. Bxe5 $15 Nxe5 31. Ke2 g6 32. Nf4 Rf8 33. g3 Rf7 34. Ra8 Kg7 35. c3 (35. d4 $142 Ng4 36. c3) 35... Bd7 (35... g5 $1 $17 {[%cal Rg5f4]} 36. Rxc8 {[%mdl 64] Remove Defender} Rxc8 37. Nxe6+ Kh8 38. Bxd5 Re8) 36. Rh1 (36. d4 $11 Nc4 37. Nd3) 36... Ng4 ({Don't go for} 36... g5 $2 37. Nh5+ Kg6 38. Rg8+ Kf5 39. d4 $18) 37. d4 Nf6 38. Bb1 Bc8 (38... e5 $15 39. dxe5 Re7) 39. Rg1 Nd7 40. Ra7 Nb6 41. Rxf7+ Kxf7 42. Nd3 {Threatens to win with Ne5+.} Nd7 43. Ke3 Kg7 44. Bc2 a5 45. Kd2 Nb6 46. b3 $1 {[%cal Bb2b3,Bb3b4][%mdl 32]} Nd7 47. g4 g5 48. Rf1 Ba6 49. b4 a4 50. Nc5 Nb6 (50... Bc8 {feels hotter.} 51. Bd3 Rb6 52. Rg1 h6 53. Ke3 Nf6) 51. Bd3 Nc4+ 52. Bxc4 dxc4 $14 {[%mdl 4096] Endgame KRB-KRN} 53. Ke3 $1 {[%cal Re3e4]} Bc8 54. Ke4 ({White must play} 54. Ne4 $1 $16) 54... Rd6 $1 $11 55. Ke3 Bd7 (55... Rd8 $11) 56. Ne4 $16 {[%mdl 1024] White has strong compensation.} Rd5 {[#]} 57. Nf6 $1 Bc6 58. Ne4 (58. Nxd5 $16 Bxd5 59. Rf2) 58... Be8 59. Nc5 Rd6 60. Ke4 {Ke5 is the strong threat.} Bf7 61. Ke3 Bg6 62. Rf2 Bf7 63. Ne4 Rd5 64. Nf6 Rd8 65. Ke4 (65. Nxh7 $5 e5 66. Nxg5 exd4+ 67. cxd4 $14) 65... Bg6+ 66. Ke5 Bf7 67. Rf1 Rf8 $2 (67... h6 $11) 68. Ne4 Rd8 {[%csl Ge6,Gf7][%cal Rd8d5]} 69. Nd6 (69. Nxg5 Rd5+ 70. Kf4 h5 $16) 69... Rd7 (69... Bg8 $16 {was worth a try.}) 70. Rf2 Bg8 $2 (70... Kg6 71. d5 exd5) 71. Ne8+ $18 Kh8 72. Rf8 Rd8 {[#] intending ...h6.} 73. Kf6 $1 Rb8 $2 (73... Ra8 {is more resistant.} 74. Kxg5 Rc8) 74. Kxg5 h6+ 75. Kxh6 {White mates.} e5 76. g5 exd4 77. g6 {[%csl Ge8,Gh6][%cal Rg6g7]} Rb6 78. Nf6 Rxf6 79. Rxf6 {[%csl Gh6][%cal Rg6g7]} Bf7 80. gxf7 {[%cal Rf7f8] Weighted Error Value: White=0.23/Black=0.26} 1-0

[Event "76th ARM-ch Women 2021"]
[Site "Yerevan"]
[Date "2021.02.22"]
[Round "6.5"]
[White "Hakobyan, Astghik"]
[Black "Mkrtchyan, Mariam"]
[Result "1-0"]
[WhiteElo "1820"]
[BlackElo "2075"]
[Annotator "TA"]
[PlyCount "83"]
[EventDate "2021.02.16"]
[EventType "tourn"]
[EventCountry "ARM"]
[SourceTitle "playchess.com"]
[Source "ChessBase"]
[SourceQuality "1"]

{[%evp 13,83,19,29,26,29,35,30,29,27,4,10,0,37,42,131,132,125,118,136,139,130,114,119,125,114,108,140,128,141,136,146,127,127,97,158,138,204,145,150,143,157,104,106,116,109,100,96,94,89,92,94,89,237,232,275,273,270,271,257,143,314,311,325,291,327,326,323,267,399,381,704,697]} 1. e4 c5 2. Nf3 Nc6 3. d4 cxd4 4. Nxd4 e5 5. Nb5 d6 6. N1c3 a6 7. Na3 Be7 8. Nd5 {B32: Sicilian: Löwenthal and Kalashnikov Variations.} Nf6 9. Nxf6+ Bxf6 10. Nc4 {White has an edge.} O-O 11. Be3 {11.Qxd6 is the modern continuation.} Be6 12. Bb6 {[#]} Qe7 $146 ({Predecessor:} 12... Qd7 13. Qxd6 Qxd6 14. Nxd6 Nd4 15. Bd3 Be7 16. Nf5 Nxf5 17. exf5 Bd5 18. f3 Rac8 {1-0 (35) Milov,L (2472)-Fauth,D (2130) Bad Wiessee 2015}) 13. Qxd6 Nb4 {[#]} (13... Rfc8 $14 14. Qxe7 Bxe7) 14. Qxe7 $1 $16 Bxe7 {[#]} 15. Ne3 Rac8 16. c3 Nc6 17. Be2 g6 18. O-O f5 19. Bf3 f4 20. Nd5 h5 21. Rfd1 Kf7 22. Rd2 Rh8 23. Bd1 g5 ({Black should play} 23... Bd8) 24. Bb3 g4 (24... Bd8 $16 25. Rad1 g4) 25. Rad1 Bg5 26. Rd3 h4 27. g3 (27. h3 $142) 27... hxg3 28. fxg3 ({But not} 28. hxg3 $6 Rh6 $11) 28... Rh6 29. Rf1 Rch8 30. gxf4 exf4 31. Nxf4 Bxb3 32. axb3 Rf6 (32... Bxf4 $16 33. Rxf4+ {[%mdl 64] Double Attack} Ke6) 33. Bc7 $18 Re8 34. Rd7+ Kg8 35. Nh5 Rg6 36. Rff7 (36. Rdf7 $18) 36... Be7 $2 {A mistake that costs the game.} (36... Ne7 $16 {keeps fighting.} 37. Rf1 Rh6) 37. Rf5 Re6 38. Ng3 Bh4 39. Rf4 Rg6 40. Rd6 Rg7 {[#]} (40... Rxd6 {was necessary.} 41. Bxd6 Bxg3 42. hxg3 Na5) 41. Nf5 $1 {[%mdl 64] Double Attack} Rf8 $2 (41... Rxc7 42. Rxg4+ {[%mdl 64] Double Attack} Kh8 43. Rh6+ Rh7 44. Rhxh4 Rxh4 45. Rxh4+ Kg8) 42. Nh6+ {[%mdl 64] Double Attack.  Weighted Error Value: White=0.13/Black=0.31} 1-0